Podi del Festival di Sanremo - anni 1980 - Statistics

Statistiche generali
  • Questo quiz è stato fatto 189 volte
  • Il punteggio medio è 29 su 37
Statistiche sulle risposte
Anno Posizione Canzone Artista % Corretto
1982 Secondo Felicità Al Bano
99%
1984 Primo Ci sarà Al Bano
99%
1987 Terzo Nostalgia canaglia Al Bano
99%
1989 Terzo Cara terra mia Al Bano
99%
1982 Secondo Felicità Romina Power
99%
1984 Primo Ci sarà Romina Power
99%
1989 Terzo Cara terra mia Romina Power
99%
1987 Primo Si può dare di più Gianni Morandi
96%
1980 Terzo Su di noi Pupo
96%
1986 Primo Adesso tu Eros Ramazzotti
95%
1988 Primo Perdere l'amore Massimo Ranieri
95%
1987 Terzo Nostalgia canaglia Romina Power
95%
1987 Primo Si può dare di più Enrico Ruggeri
93%
1987 Primo Si può dare di più Umberto Tozzi
93%
1981 Secondo Maledetta primavera Loretta Goggi
91%
1985 Primo Se m'innamoro Ricchi e Poveri
91%
1981 Primo Per Elisa Alice
88%
1989 Primo Ti lascerò Anna Oxa
88%
1989 Primo Ti lascerò Fausto Leali
88%
1982 Primo Storie di tutti i giorni Riccardo Fogli
88%
1980 Primo Solo noi Toto Cutugno
86%
1984 Secondo Serenata Toto Cutugno
86%
1987 Secondo Figli Toto Cutugno
86%
1988 Secondo Emozioni Toto Cutugno
86%
1989 Secondo Le mamme Toto Cutugno
86%
1986 Secondo Il clarinetto Renzo Arbore
82%
1983 Primo Sarà quel che sarà Tiziana Rivale
74%
1985 Secondo Noi ragazzi di oggi Luis Miguel
65%
1988 Terzo L'amore rubato Luca Barbarossa
54%
1986 Terzo Senza un briciolo di testa Marcella Bella
54%
1984 Terzo Cara Christian
43%
1983 Secondo Volevo dirti Donatelli Milani
43%
1983 Terzo Margherita non lo sa Dori Ghezzi
41%
1981 Terzo Tu cosa fai stasera Dario Baldan Bembo
38%
1982 Terzo Soli Drupi
37%
1985 Terzo Chiamalo amore Gigliola Cinquetti
37%
1980 Secondo Ti voglio bene Enzo Malepasso
32%
Nessun quiz corrispondente trovato
Distribuzione punteggi
Percentuale di utenti per punteggio
Percentile per numero di risposta
I tuoi punteggi nel tempo
Non hai fatto questo quiz